000 00583nam a2200181Ia 4500
008 151018s9999 xx 000 0 und d
082 _bRBASDV16671
_a891.463
100 _aमुक्ता केणेकर
245 _aजग्गुमामा
250 _b1
260 _bअश्वमेध प्रकाशन पुणे
_c1983
300 _a70
600 _aमुक्ता केणेकर
630 _aजग्गुमामा
700 _aमुक्ता केणेकर
730 _aजग्गुमामा
942 _cBOOK
999 _c1017360
_d1017357